[Event "Vignola Weekend-A 9th"]
[Site "Vignola"]
[Date "2010.11.14"]
[Round "4"]
[White "Vincenzi, Marco"]
[Black "Ricchi, Luca"]
[Result "0-1"]
[WhiteElo "2097"]
[BlackElo "1991"]
[PlyCount "82"]
[EventDate "2010.11.12"]
[EventType "swiss"]
[EventRounds "5"]
[EventCountry "ITA"]
[SourceTitle "EXT 2024"]
[Source "ChessBase"]
[SourceDate "2023.10.10"]
[SourceVersion "1"]
[SourceVersionDate "2023.10.10"]
[SourceQuality "1"]

1. e4 e6 2. d4 d5 3. Nc3 Bb4 4. e5 c5 5. a3 Bxc3+ 6. bxc3 Ne7 7. Nf3 Nbc6 8. a4 Qa5 9. Qd2 Bd7 10. Be2 f6 11. 0-0 fxe5 12. dxe5 h6 13. Ba3 Ng6 14. Qe3 b6 15. Rfb1 Nce7 16. Rb5 Qxa4 17. Bb2 Qf4 18. Rxb6 Qxe3 19. fxe3 axb6 20. Rxa8+ Kf7 21. Ra7 Bc6 22. Ra6 Rb8 23. c4 dxc4 24. Bxc4 Nd5 25. Ra7+ Rb7 26. Bxd5 Bxd5 27. Rxb7+ Bxb7 28. c4 Ba6 29. Nd2 Ne7 30. Kf2 Nc6 31. Ke2 Kg6 32. g4 Kg5 33. h3 Kh4 34. Kf3 Kxh3 35. Bc3 Na5 36. Ne4 Bb7 37. Kf4 Bxe4 38. Kxe4 Kxg4 39. Kd3 Kf3 40. e4 h5 41. Be1 Nc6 0-1

[Event "Vignola Weekend-A 9th"]
[Site "Vignola"]
[Date "2010.11.13"]
[Round "3"]
[White "Ricchi, Luca"]
[Black "Gilevich, Artem"]
[Result "1/2-1/2"]
[WhiteElo "1991"]
[BlackElo "2231"]
[PlyCount "116"]
[EventDate "2010.11.12"]
[EventType "swiss"]
[EventRounds "5"]
[EventCountry "ITA"]
[SourceTitle "EXT 2024"]
[Source "ChessBase"]
[SourceDate "2023.10.10"]
[SourceVersion "1"]
[SourceVersionDate "2023.10.10"]
[SourceQuality "1"]

1. d4 Nf6 2. c4 g6 3. Nc3 Bg7 4. e4 0-0 5. Nf3 d6 6. Be2 e5 7. Be3 Nc6 8. d5 Ne7 9. Nd2 c5 10. a3 Ne8 11. b4 b6 12. bxc5 bxc5 13. Rb1 f5 14. f3 Nf6 15. Bf2 Bh6 16. Rb3 Rf7 17. Qb1 Bxd2+ 18. Kxd2 fxe4 19. Nxe4 Nxe4+ 20. Qxe4 Bf5 21. Qe3 Nc8 22. g4 Bd7 23. Bd3 Qa5+ 24. Ke2 Ba4 25. Be1 Qd8 26. Rb1 Nb6 27. h4 Qf6 28. h5 g5 29. h6 Raf8 30. Rh5 Kh8 31. Rxg5 Bd7 32. Bh4 Qxf3+ 33. Qxf3 Rxf3 34. Rg7 R3f7 35. Be7 Bxg4+ 36. Ke1 Rxg7 37. hxg7+ Kxg7 38. Bxf8+ Kxf8 39. Bxh7 Nxc4 40. Rb8+ Ke7 41. Rb7+ Kd8 42. Rxa7 Bf3 43. Bg8 Nb6 44. Be6 Bxd5 45. Bxd5 Nxd5 46. Kd2 Nc7 47. Kd3 Kd7 48. Rb7 Kc6 49. Rb1 d5 50. a4 c4+ 51. Ke3 Na6 52. a5 d4+ 53. Ke4 Nc5+ 54. Kxe5 Nb3 55. a6 d3 56. a7 Kb7 57. Kd5 Kxa7 58. Kxc4 Nd2+ 1/2-1/2

[Event "Cesenatico op 14th"]
[Site "Cesenatico"]
[Date "2010.09.05"]
[Round "7"]
[White "Bonacci, Mauro"]
[Black "Ricchi, Luca"]
[Result "1-0"]
[WhiteElo "2198"]
[BlackElo "1994"]
[PlyCount "71"]
[EventDate "2010.08.30"]
[EventType "swiss"]
[EventRounds "9"]
[EventCountry "ITA"]
[SourceTitle "CBM 138 Extra"]
[Source "ChessBase"]
[SourceDate "2010.10.29"]
[SourceVersion "1"]
[SourceVersionDate "2010.10.29"]
[SourceQuality "1"]

1. e4 e6 2. d4 d5 3. Nd2 Nf6 4. e5 Nfd7 5. Bd3 c5 6. c3 Nc6 7. Ne2 cxd4 8. cxd4 f6 9. exf6 Nxf6 10. 0-0 Bd6 11. Nf3 Qc7 12. Nc3 a6 13. Bg5 0-0 14. Bh4 h6 15. Rc1 Nh5 16. Bg3 Nxg3 17. hxg3 Qf7 18. Bb1 Bd7 19. Qd3 g5 20. Rce1 Rae8 21. a3 e5 22. dxe5 Nxe5 23. Nxe5 Bxe5 24. Ba2 Bxc3 25. Bxd5 Bxe1 26. Qg6+ Kh8 27. Bxf7 Rxf7 28. Qxf7 Bb5 29. Qxe8+ Bxe8 30. Rxe1 Bc6 31. Re7 Kg8 32. f4 Kf8 33. Rh7 g4 34. Rxh6 Ke7 35. Rg6 Bd7 36. Kf2 1-0

[Event "Vignola op 5th"]
[Site "Vignola"]
[Date "2006.11.26"]
[Round "5"]
[White "Pelliconi, Vanes"]
[Black "Ricchi, Luca"]
[Result "1/2-1/2"]
[WhiteElo "1542"]
[BlackElo "1969"]
[PlyCount "61"]
[EventDate "2006.11.24"]
[EventType "swiss"]
[EventRounds "5"]
[EventCountry "ITA"]
[SourceTitle "EXT 2011"]
[Source "ChessBase"]
[SourceDate "2010.11.26"]
[SourceVersion "1"]
[SourceVersionDate "2010.11.26"]
[SourceQuality "1"]

1. d4 d5 2. Nf3 e6 3. c4 Nf6 4. Nc3 Be7 5. Bf4 c6 6. e3 Nbd7 7. Bd3 dxc4 8. Bxc4 Nh5 9. Bg3 Nxg3 10. fxg3 b6 11. 0-0 Bb7 12. Rc1 h5 13. e4 Nf6 14. Qe2 Ng4 15. Rfd1 h4 16. Nxh4 Nf6 17. d5 exd5 18. exd5 cxd5 19. Nf5 Rc8 20. Bxd5 Nxd5 21. Nxd5 Rxc1 22. Rxc1 Bxd5 23. Rc8 0-0 24. Rxd8 Bxd8 25. Qe5 Bf6 26. Qxd5 g6 27. Qd6 Bxb2 28. Ne7+ Kg7 29. g4 Bf6 30. Nd5 Bd4+ 31. Kf1 1/2-1/2

[Event "Vignola op 5th"]
[Site "Vignola"]
[Date "2006.11.25"]
[Round "3"]
[White "Arnetta, Marianna"]
[Black "Ricchi, Luca"]
[Result "0-1"]
[WhiteElo "2054"]
[BlackElo "1969"]
[PlyCount "102"]
[EventDate "2006.11.24"]
[EventType "swiss"]
[EventRounds "5"]
[EventCountry "ITA"]
[SourceTitle "EXT 2011"]
[Source "ChessBase"]
[SourceDate "2010.11.26"]
[SourceVersion "1"]
[SourceVersionDate "2010.11.26"]
[SourceQuality "1"]

1. e4 e6 2. d4 d5 3. exd5 exd5 4. Bd3 Bd6 5. Nf3 Nc6 6. c3 Bg4 7. 0-0 Nge7 8. Bg5 f6 9. Be3 Qd7 10. Nbd2 g5 11. Qc2 0-0-0 12. b4 h5 13. a4 h4 14. a5 Rdg8 15. b5 Nb8 16. b6 a6 17. c4 Bxf3 18. Nxf3 g4 19. c5 gxf3 20. cxd6 Rxg2+ 21. Kh1 Qxd6 22. Bf5+ Nd7 23. Bxd7+ Kxd7 24. Qxc7+ Qxc7 25. bxc7 Kxc7 26. Bf4+ Kc8 27. Ra3 Nc6 28. Rxf3 Rg4 29. Rc1 Kd7 30. h3 Rg6 31. Bh2 Re8 32. Rf5 Ke6 33. Rh5 Nxd4 34. Re1+ Kf7 35. Rxe8 Kxe8 36. Rxd5 Nf3 37. Rc5 Nxh2 38. Kxh2 Kd7 39. Rh5 Rg5 40. Rh7+ Kc6 41. Rxh4 Rxa5 42. Rf4 f5 43. h4 Kd6 44. h5 Ke6 45. Rc4 f4 46. h6 Rh5+ 47. Kg2 Rxh6 48. Rc7 Rg6+ 49. Kf3 b5 50. Kxf4 Kd5 51. Ke3 Rc6 0-1

[Event "Vignola op 5th"]
[Site "Vignola"]
[Date "2006.11.24"]
[Round "1"]
[White "Di Trapani, Davide"]
[Black "Ricchi, Luca"]
[Result "0-1"]
[WhiteElo "1580"]
[BlackElo "1969"]
[PlyCount "58"]
[EventDate "2006.11.24"]
[EventType "swiss"]
[EventRounds "5"]
[EventCountry "ITA"]
[SourceTitle "EXT 2011"]
[Source "ChessBase"]
[SourceDate "2010.11.26"]
[SourceVersion "1"]
[SourceVersionDate "2010.11.26"]
[SourceQuality "1"]

1. e4 e6 2. d4 d5 3. Nc3 Bb4 4. Nge2 Nf6 5. Bg5 dxe4 6. a3 Be7 7. Bxf6 Bxf6 8. Nxe4 Nc6 9. c3 b6 10. N2g3 Bb7 11. Bd3 Be7 12. 0-0 Qd7 13. Qc2 h5 14. Rfd1 h4 15. Nf1 0-0-0 16. b4 f5 17. Ned2 h3 18. a4 hxg2 19. Ng3 Bd6 20. a5 Bxg3 21. fxg3 Nxd4 22. Qa4 b5 23. Qa2 Rxh2 24. Kxh2 Rh8+ 25. Kg1 Qd5 26. Nf1 Rh1+ 27. Kf2 g1Q+ 28. Ke1 Qe3+ 29. Be2 Nf3# 0-1